000 00550nam a2200193Ia 4500
005 20260120131612.0
008 008 260114s9999 xx 000 0 eng d
020 _a9780197600733
037 _aEBOOK
040 _aCRL
_beng
_cCRL
041 _aeng
_2eng
084 _qCRL
100 _aDrijvers
_9928952
245 4 _aThe Forgotten Reign of the Emperor Jovian (363-364)
260 _bOxford University PressOxford University Press
_c2021
856 _uhttps://academic.oup.com/book/39032
942 _cEBOOK
999 _c1520872
_d1520872